Дело по отношению товарища министра государственных имуществ об учреждении кампании для развития промышленности в части Архангел...

Доступно только в Электронных читальных залах Найти на картеНа карте
RUSMARC
00003772nmc2a22000003x 450
0017694a6cd-42fc-4824-8fe7-bd9a5ad12bb9
00520180403090959.0
100##$a20160203l18411841k l0rusy0189 ca
1010#$arus
102##$aRU
2001#$aДело по отношению товарища министра государственных имуществ об учреждении кампании для развития промышленности в части Архангельской и Вологодской губерний на реках Печоре, Вычегде и Мезени
$j23 августа - 12 декабря 1841 г.
251##$cДело
300##$aДело
801#0$aRU
$bРГИА
$c20160203
$gRCR
801#1$aRU
$bГлавНИВЦ
$c20160203
$2rusmarc
801#2$aRU
$bПБ им. Б.Н. Ельцина
$c20180403
$gRCR
$2rusmarc
850##$aРГИА
852##$aРГИА
$eФедеральное казенное учреждение "Российский государственный исторический архив" (РГИА)
$j615
937##$hРГИА
$d12191796
$aASBIBLIO_SCAN
462#0$1001d84ca311-0ff2-4bc1-993d-58ba7069b925
$12001
$a1841-1843 гг. Дела Департамента полиции исполнительной МВД за 1841 г.
$1251
$cОпись
$1852
$j8
461#0$10013e300ed0-cd39-49af-8489-5ba5b90fa401
$12001
$aДепартамент полиции исполнительной МВД
$1251
$cФонд
$1852
$j1286
215##$a24 л.
$d36,5х26 см
371##$aДокумент не является опубликованным и широко распространяемым
105##$ay###
1222#$ad
035##$a7694a6cd-42fc-4824-8fe7-bd9a5ad12bb9
856##$uhttp://readingroom.main.prlib.ru/item.aspx?id_node=n114384605&mode=full
Формат отображения